Regioni dei Paesi Europei #11 - Statistics

Statistiche generali
  • Questo quiz è stato fatto 9 volte
  • Il punteggio medio è 2 su 19
Statistiche sulle risposte
Finlandia % Corretto
8 Lapponia
100%
1 Aland
11%
9 Ostrobotnia
11%
11 Ostrobotnia Meridionale
11%
12 Ostrobotnia Settentrionale
11%
19 Varsinais-Suomi
11%
2 Carelia Meridionale
0%
3 Carelia Settentrionale
0%
4 Finlandia Centrale
0%
5 Kainuu
0%
6 Kanta-Hame
0%
7 Kymenlaasko
0%
10 Ostrobotnia Centrale
0%
13 Paijat-Hame
0%
14 Pirkanmaa
0%
17 Satakunta
0%
15 Savo Meridionale
0%
16 Savo Settentrionale
0%
18 Uusimaa
0%
Nessun quiz corrispondente trovato
Distribuzione punteggi
Percentuale di utenti per punteggio
Percentile per numero di risposta
I tuoi punteggi nel tempo
Non hai fatto questo quiz